000 00631nam a2200205Ia 4500
008 241004s9999 xx 000 0 und d
020 _a9789387199682
037 _aTextbook
040 _aARTS
_bsan
_cARTS
041 _ahin
_2san
084 _aO15,1N254,DM 152R0
_qARTS
100 _aAbhilasha Kumari Au.
_9724578
245 _aDevyanicharit - mahakavaysay samikashatamakmadhayanam
_cAbhilasha Kumari Au.
260 _aIndia
_bVaranasi Kala Prakashan
_c2022
300 _a176p.
365 _aINR
_b550
650 _aSanskrit Poetry
_9155567
942 _cTB
_hO15,1N254,DM R0
999 _c1218685
_d1218685